Cartoons der 80er und 90er frühe 2000er erraten mit Bildern - Statistiken

Allgemein
  • Dieses Quiz wurde 396 mal gespielt
  • Das Durchschnittsergebnis liegt bei 8 aus 20
Antwortstatistiken
Bildquiz Antwort % Korrekt
Sonic
94%
Avatar - Herr der Elemente
84%
Große Pause
80%
Powerpuff Girls
80%
Inspector Gadget
77%
CatDog
62%
Calimero
54%
Sissi
50%
Grisu, der kleine Drache
40%
Captain Planet
26%
Die Ewoks
24%
Totally Spies
24%
Dexters Labor
23%
David der Kabauter
18%
Freakazoid
18%
Wo steckt Carmen Sandiego?
9%
Heathcliff
8%
Um die Welt mit Willy Fog
6%
Im Land der fantastischen Drachen
4%
Schlafmütz & Co.
2%
Keine übereinstimmenden Quizze gefunden
Verteilung der Resultate
Anzahl Personen mit jedem Resultat
Perzentil nach korrekt beantworteten Fragen
Ihre Resultats-Entwicklung
Sie haben dieses Quiz noch nicht gespielt